000 00643nam a2200205Ia 4500
005 20250508152331.0
008 008 250505s9999 xx 000 0 eng d
037 _aTextual
040 _aFEDL
_beng
_cFEDL
041 _aeng
_2eng
084 _a155.284 2, SCH
_qFEDL
100 _aSchafer Roy
_9456116
245 0 _aPsychoanalytic interpretation in rorschach testing: Theory and application
260 _aNew York, USA
_bGrune and Stratton
_c1954
300 _axiv,446p
490 _aAusten riggsfoundation monograph series; 3
650 _aPersonality
942 _cTEXL
_h155.284 2, SCH
999 _c1335774
_d1335774